[Event "SRB-chT 2nd League East"]
[Site "Knic"]
[Date "2019.09.06"]
[Round "1.4"]
[White "Jovanovic, Drasko"]
[Black "Colic, Nikola"]
[Result "1-0"]
[WhiteElo "2239"]
[BlackElo "2082"]
[PlyCount "103"]
[EventDate "2019.09.06"]
[EventType "team-tourn"]
[EventRounds "11"]
[EventCountry "SRB"]
[SourceTitle "EXT 2020"]
[Source "ChessBase"]
[SourceDate "2019.10.17"]
[SourceVersion "1"]
[SourceVersionDate "2019.10.17"]
[SourceQuality "1"]
[WhiteTeam "Veliko Gradiste"]
[BlackTeam "Bor Bakar"]
[WhiteTeamCountry "SRB"]
[BlackTeamCountry "SRB"]

1. d4 f5 2. c4 Nf6 3. Nf3 e6 4. Qc2 Nc6 5. a3 a5 6. Nc3 d6 7. e4 fxe4 8. Nxe4 Nxe4 9. Qxe4 d5 10. cxd5 Qxd5 11. Bd3 Qxe4+ 12. Bxe4 Bd6 13. 0-0 Bd7 14. Re1 0-0 15. Bd2 Ne7 16. b4 axb4 17. Bxb4 Bxb4 18. axb4 Bc6 19. Rxa8 Rxa8 20. Bxc6 Nxc6 21. b5 Nd8 22. h4 Ra4 23. d5 Kf8 24. Rc1 exd5 25. Rxc7 Rb4 26. Rd7 Ke8 27. Rxg7 Rxb5 28. Rxh7 Rb1+ 29. Kh2 b5 30. h5 Nf7 31. Rg7 b4 32. Rg8+ Kd7 33. Rb8 b3 34. Rb7+ Kc6 35. Rxb3 Rxb3 36. Nd4+ Kc5 37. Nxb3+ Kc4 38. Nd2+ Kd3 39. Nf3 Nh6 40. Kg3 Ke4 41. Nd2+ Kd3 42. Nb3 Kc4 43. Nc1 Kc3 44. Kf4 Kd2 45. Nb3+ Kc3 46. Nc5 d4 47. g4 Kc4 48. Ne4 Kd5 49. g5 Nf7 50. g6 Nh6 51. f3 d3 52. Kg5 1-0

[Event "SRB-chT3 North"]
[Site "Kragujevac"]
[Date "2010.10.03"]
[Round "4"]
[White "Jovanovic, Drasko"]
[Black "Cosovic, Miodrag"]
[Result "1-0"]
[WhiteElo "2272"]
[BlackElo "2238"]
[PlyCount "90"]
[EventDate "2010.09.12"]
[EventType "team"]
[EventRounds "11"]
[EventCountry "SRB"]
[SourceTitle "EXT 2012"]
[Source "ChessBase"]
[SourceDate "2011.11.24"]
[SourceVersion "1"]
[SourceVersionDate "2011.11.24"]
[SourceQuality "1"]

1. d4 d6 2. e4 Nf6 3. Nc3 e5 4. Nf3 Nbd7 5. Bc4 Be7 6. Ng5 0-0 7. Bxf7+ Rxf7 8. Ne6 Qe8 9. Nxc7 Qd8 10. Nxa8 b6 11. dxe5 dxe5 12. Nd5 Bd6 13. Bg5 Bb7 14. Naxb6 Nxb6 15. Bxf6 gxf6 16. Qg4+ Kf8 17. Nxb6 Qxb6 18. 0-0-0 Rc7 19. Rd2 Bc8 20. Qf3 Be7 21. Rhd1 Rc6 22. g4 Be6 23. a3 Qb5 24. Qd3 Qxd3 25. Rxd3 Bxg4 26. f3 Be6 27. Kb1 h5 28. b4 h4 29. Kb2 h3 30. Rc3 Rb6 31. Rc7 a6 32. c3 Ke8 33. a4 Bd8 34. Rh7 Be7 35. a5 Rc6 36. Rg1 Bf8 37. Rb7 Rd6 38. Kc2 Bh6 39. Rh7 Rd2+ 40. Kb1 Bg5 41. b5 axb5 42. a6 Ba2+ 43. Ka1 Bf7 44. Rxh3 Ra2+ 45. Kb1 Rxa6 1-0

[Event "SRB-chT2"]
[Site "Golubac"]
[Date "2008.09.23"]
[Round "6"]
[White "Tomic, Miroslav Lj"]
[Black "Jovanovic, Drasko"]
[Result "0-1"]
[WhiteElo "2059"]
[BlackElo "2262"]
[PlyCount "84"]
[EventDate "2008.09.20"]
[EventType "tourn"]
[EventRounds "11"]
[EventCountry "YUG"]
[SourceTitle "EXT 2010"]
[Source "ChessBase"]
[SourceDate "2010.11.25"]
[SourceVersion "1"]
[SourceVersionDate "2010.11.25"]
[SourceQuality "1"]

1. d4 Nf6 2. Nf3 g6 3. g3 Bg7 4. Bg2 0-0 5. 0-0 d6 6. c4 c5 7. Nc3 Nc6 8. h3 cxd4 9. Nxd4 Nxd4 10. Qxd4 Be6 11. Qd3 Qc8 12. b3 Bxh3 13. Rb1 Bxg2 14. Kxg2 Qc6+ 15. f3 Rfe8 16. e4 a6 17. Rf2 Nd7 18. Bb2 Rab8 19. Rc2 Nc5 20. Qe3 Ne6 21. Nd5 Qc5 22. Bxg7 Qxe3 23. Nxe3 Kxg7 24. Rh1 h5 25. f4 Rec8 26. Kf3 b5 27. g4 hxg4+ 28. Kxg4 bxc4 29. bxc4 Nc5 30. Kf3 Rh8 31. Rch2 Rxh2 32. Rxh2 a5 33. Nd5 e6 34. Nc3 Rb4 35. Nb5 Rxc4 36. Nxd6 Rc3+ 37. Kg2 Nd3 38. f5 Nf4+ 39. Kf1 exf5 40. exf5 a4 41. f6+ Kg8 42. Rd2 Rf3+ 0-1

[Event "SRB-chT 1st League"]
[Site "Vrnjacka Banja"]
[Date "2007.10.13"]
[Round "6.1"]
[White "Milosavljevic, Zoran"]
[Black "Jovanovic, Drasko"]
[Result "0-1"]
[WhiteElo "2185"]
[BlackElo "2250"]
[PlyCount "112"]
[EventDate "2007.09.08"]
[EventType "team"]
[EventRounds "11"]
[EventCountry "SRB"]
[SourceTitle "EXT 2012"]
[Source "ChessBase"]
[SourceDate "2011.11.24"]
[SourceVersion "1"]
[SourceVersionDate "2011.11.24"]
[SourceQuality "1"]
[WhiteTeam "Novi Pazar INA Dizajn"]
[BlackTeam "Smederevski"]
[WhiteTeamCountry "SRB"]
[BlackTeamCountry "SRB"]

1. e4 c5 2. Nf3 Nc6 3. d4 cxd4 4. Nxd4 Nf6 5. Nc3 e5 6. Ndb5 d6 7. Nd5 Nxd5 8. Qxd5 Be6 9. Qd1 Be7 10. Be3 0-0 11. c4 a6 12. Nc3 Bg5 13. Qd2 Bxe3 14. Qxe3 Nd4 15. Bd3 Rc8 16. Ne2 Rxc4 17. 0-0 Nxe2+ 18. Qxe2 Rc5 19. f4 exf4 20. Rxf4 Qg5 21. Raf1 Rfc8 22. Qd2 Qe5 23. a3 Qd4+ 24. R4f2 h6 25. Rd1 Bb3 26. Re1 Bc2 27. Bf1 Qxb2 28. Qxd6 Qe5 29. Qxe5 Rxe5 30. Rc1 Rec5 31. e5 Be4 32. Re1 Rxe5 33. Rb2 Rce8 34. Bc4 b5 35. Ba2 Bd5 36. Ra1 Re1+ 37. Rxe1 Rxe1+ 38. Kf2 Re5 39. Bb1 g6 40. Bc2 Bc4 41. Bd1 a5 42. Bf3 Re6 43. Rd2 Rb6 44. Ke3 Kg7 45. Rf2 Rd6 46. Be4 Rd1 47. Rf3 Bd5 48. Bxd5 Rxd5 49. Rf2 b4 50. axb4 axb4 51. Rb2 Rb5 52. g4 Kf6 53. h4 Ke5 54. Rb3 Rb7 55. g5 hxg5 56. hxg5 Kf5 0-1

[Event "SRB-chT 1st League"]
[Site "Vrnjacka Banja"]
[Date "2007.??.??"]
[Round "9.2"]
[White "Jovanovic, Drasko"]
[Black "Radivojevic, Miladin"]
[Result "1-0"]
[WhiteElo "2250"]
[BlackElo "2182"]
[PlyCount "106"]
[EventDate "2007.09.08"]
[EventType "team"]
[EventRounds "11"]
[EventCountry "SRB"]
[SourceTitle "EXT 2012"]
[Source "ChessBase"]
[SourceDate "2011.11.24"]
[SourceVersion "1"]
[SourceVersionDate "2011.11.24"]
[SourceQuality "1"]
[WhiteTeam "Smederevski"]
[BlackTeam "Gornji Milanovac Metalac"]
[WhiteTeamCountry "SRB"]
[BlackTeamCountry "SRB"]

1. d4 Nf6 2. c4 g6 3. Nf3 Bg7 4. g3 0-0 5. Bg2 d6 6. Nc3 Nbd7 7. 0-0 e5 8. e4 exd4 9. Nxd4 Re8 10. h3 Nc5 11. Re1 a5 12. Nb3 Ne6 13. Be3 a4 14. Nd4 Nc5 15. Qc2 c6 16. Rad1 Qc7 17. f4 Bh6 18. Bf2 Nh5 19. Qd2 Qa5 20. Nc2 Be6 21. Bf1 Rad8 22. Nd4 Bd7 23. Kh2 Qb4 24. a3 Qa5 25. Bg2 Qa6 26. Bf3 Ng7 27. Qc2 f6 28. Na2 Re7 29. Nb4 Qa5 30. Nd3 Rde8 31. Nxc5 dxc5 32. Ne2 Be6 33. Nc3 Ra8 34. e5 f5 35. Qe2 Bf7 36. Be3 Ne6 37. Rd6 Bf8 38. g4 Rc7 39. gxf5 gxf5 40. Rg1+ Kh8 41. Bd2 Qb6 42. Be1 Nxf4 43. Qe3 Ng6 44. Ne2 Re8 45. Bc3 Re6 46. Qg5 Rce7 47. Qxf5 Bg7 48. Nf4 Nxf4 49. Qxf4 Qc7 50. Rxe6 Rxe6 51. Re1 Qe7 52. Bg4 Rg6 53. Bh5 Be6 1-0

[Event "SRB-chT 1st League"]
[Site "Vrnjacka Banja"]
[Date "2006.09.30"]
[Round "4.4"]
[White "Jovanovic, Drasko"]
[Black "Djokic, Nenad"]
[Result "0-1"]
[WhiteElo "2261"]
[BlackElo "2325"]
[PlyCount "36"]
[EventDate "2006.09.09"]
[EventType "team"]
[EventRounds "11"]
[EventCountry "SRB"]
[SourceTitle "EXT 2012"]
[Source "ChessBase"]
[SourceDate "2011.11.24"]
[SourceVersion "1"]
[SourceVersionDate "2011.11.24"]
[SourceQuality "1"]
[WhiteTeam "Smederevo"]
[BlackTeam "Smederevska Palanka Jasenica"]
[WhiteTeamCountry "SRB"]
[BlackTeamCountry "SRB"]

1. Nf3 c5 2. b3 Nc6 3. Bb2 d6 4. e3 e5 5. d4 cxd4 6. exd4 e4 7. d5 exf3 8. dxc6 Qe7+ 9. Kd2 fxg2 10. Bxg2 Qg5+ 11. Kd3 Qxg2 12. Re1+ Ne7 13. cxb7 Bxb7 14. Re3 Ba6+ 15. c4 d5 16. Bd4 dxc4+ 17. bxc4 0-0-0 18. Kc3 Qc6 0-1

[Event "SRB-chT 1st League"]
[Site "Vrnjacka Banja"]
[Date "2006.09.16"]
[Round "2.4"]
[White "Jovanovic, Drasko"]
[Black "Dmitrovic, Tomislav"]
[Result "0-1"]
[WhiteElo "2261"]
[BlackElo "2274"]
[PlyCount "104"]
[EventDate "2006.09.09"]
[EventType "team"]
[EventRounds "11"]
[EventCountry "SRB"]
[SourceTitle "EXT 2012"]
[Source "ChessBase"]
[SourceDate "2011.11.24"]
[SourceVersion "1"]
[SourceVersionDate "2011.11.24"]
[SourceQuality "1"]
[WhiteTeam "Smederevo"]
[BlackTeam "Pozarevac"]
[WhiteTeamCountry "SRB"]
[BlackTeamCountry "SRB"]

1. d4 Nf6 2. Nf3 g6 3. g3 Bg7 4. Bg2 0-0 5. 0-0 d5 6. Bf4 c6 7. Qc1 Qb6 8. c4 dxc4 9. Na3 Be6 10. Nxc4 Qa6 11. b3 Bd5 12. Nfe5 Rd8 13. Rd1 Nbd7 14. Nxd7 Rxd7 15. Bh3 e6 16. Ne5 Qxe2 17. Nxd7 Nxd7 18. Qe3 Qf3 19. Qxf3 Bxf3 20. Rd2 a5 21. Bg2 Bxg2 22. Kxg2 Bf8 23. Rc2 Nb6 24. Rb1 Nd5 25. Bd2 Bd6 26. Kf3 Kf8 27. h4 h5 28. Re1 Ke7 29. Bg5+ Kd7 30. Rec1 a4 31. Be3 axb3 32. axb3 Ra3 33. Rb1 b5 34. Bc1 Ra6 35. Bb2 Kc7 36. Ra1 Rxa1 37. Bxa1 Kb7 38. Bc3 Bf8 39. Bd2 Bg7 40. Ke4 Kb6 41. f3 Bf6 42. Ra2 Kb7 43. Rc2 Be7 44. Rc1 Bd6 45. Rg1 Be7 46. Kd3 Kc7 47. g4 hxg4 48. Rxg4 Kd7 49. Bg5 Bd6 50. Rg1 Nb4+ 51. Ke4 Bc7 52. Ra1 f5+ 0-1

[Event "Belgrade Jezero op 10th"]
[Site "Belgrade"]
[Date "2004.08.24"]
[Round "8"]
[White "Boskovic, Drasko"]
[Black "Jovanovic, Drasko"]
[Result "1-0"]
[WhiteElo "2410"]
[BlackElo "2240"]
[PlyCount "127"]
[EventDate "2004.08.17"]
[EventType "swiss"]
[EventRounds "9"]
[EventCountry "YUG"]
[SourceTitle "EXT 2005"]
[Source "ChessBase"]
[SourceDate "2004.11.15"]
[SourceVersion "1"]
[SourceVersionDate "2004.11.15"]
[SourceQuality "1"]

1. e4 e6 2. d4 d5 3. Nd2 c5 4. exd5 Qxd5 5. Ngf3 cxd4 6. Bc4 Qd6 7. 0-0 Nf6 8. Nb3 Nc6 9. Nbxd4 Nxd4 10. Nxd4 a6 11. Re1 Qc7 12. Qe2 Bc5 13. Nf3 b5 14. Bd3 Bb7 15. Ne5 Bd4 16. Bf4 Qb6 17. c3 Nd5 18. Bg3 Bxe5 19. Bxe5 Qc6 20. f3 f6 21. Bg3 Kf7 22. a4 Qb6+ 23. Kh1 bxa4 24. Rxa4 a5 25. c4 Ne7 26. c5 Qc6 27. Re4 Bc8 28. Bd6 e5 29. Bxe5 f5 30. Bxg7 fxe4 31. Bxe4 Ba6 32. Qe3 Qe6 33. Bxh8 Rxh8 34. Bd5 Qxd5 35. Qxe7+ Kg8 36. h3 Qf7 37. Qd8+ Kg7 38. Qd6 Re8 39. Rxe8 Qxe8 40. Qxa6 Qe1+ 41. Kh2 Qe5+ 42. Kg1 Qxc5+ 43. Kf1 Qc1+ 44. Kf2 Qxb2+ 45. Qe2 Qb4 46. Qe5+ Kg8 47. Ke2 a4 48. Qd5+ Kg7 49. Kd3 Qb1+ 50. Kc3 Qa1+ 51. Kc2 a3 52. Qb7+ Kg6 53. Qb1 Qe5 54. Kb3+ Kf6 55. Qc2 Qe7 56. Qd2 Kg6 57. Qd4 Kf7 58. Qf4+ Kg7 59. g4 Qa7 60. Ka2 Qc5 61. Qe4 Kg8 62. Qd3 Kh8 63. Qxa3 Qc6 64. Qf8# 1-0

[Event "Belgrade Jezero op 10th"]
[Site "Belgrade"]
[Date "2004.08.21"]
[Round "5"]
[White "Jovanovic, Drasko"]
[Black "Klasan, Vladimir"]
[Result "1-0"]
[WhiteElo "2240"]
[BlackElo "2166"]
[PlyCount "107"]
[EventDate "2004.08.17"]
[EventType "swiss"]
[EventRounds "9"]
[EventCountry "YUG"]
[SourceTitle "EXT 2005"]
[Source "ChessBase"]
[SourceDate "2004.11.15"]
[SourceVersion "1"]
[SourceVersionDate "2004.11.15"]
[SourceQuality "1"]

1. d4 d5 2. c4 c6 3. Nc3 Nf6 4. Nf3 dxc4 5. a4 Bf5 6. Ne5 Nbd7 7. Nxc4 Qc7 8. g3 e5 9. dxe5 Nxe5 10. Bf4 Nfd7 11. Qc1 Be6 12. Nxe5 Nxe5 13. Qe3 f6 14. Bg2 g5 15. Bxe5 Qxe5 16. Qxe5 fxe5 17. h4 gxh4 18. Rxh4 0-0-0 19. Rd1 Rxd1+ 20. Kxd1 Bb3+ 21. Ke1 a5 22. Be4 h6 23. Kd2 Be7 24. Rh2 Kc7 25. e3 Bb4 26. Bc2 Bc4 27. Kc1 b5 28. Ne4 Bd5 29. Nf6 Bf3 30. axb5 cxb5 31. Be4 Bxe4 32. Nxe4 Bf8 33. Ng5 Rg8 34. Ne6+ Kd7 35. Nxf8+ Rxf8 36. f4 Rg8 37. Rh5 Rxg3 38. Rxe5 h5 39. Kd2 Rg2+ 40. Kc3 Rg3 41. Kd4 Kc6 42. Rxh5 Rg2 43. Rh6+ Kd7 44. b3 Rb2 45. Ra6 Ra2 46. e4 a4 47. bxa4 bxa4 48. f5 a3 49. Ke5 Ra1 50. Ra7+ Kc6 51. Ke6 Kb6 52. Ra8 a2 53. e5 Re1 54. Rxa2 1-0

[Event "Belgrade Jezero op 10th"]
[Site "Belgrade"]
[Date "2004.08.19"]
[Round "3"]
[White "Jovanovic, Drasko"]
[Black "Stojanac, Andrija"]
[Result "1-0"]
[WhiteElo "2240"]
[BlackElo "2059"]
[PlyCount "81"]
[EventDate "2004.08.17"]
[EventType "swiss"]
[EventRounds "9"]
[EventCountry "YUG"]
[SourceTitle "EXT 2005"]
[Source "ChessBase"]
[SourceDate "2004.11.15"]
[SourceVersion "1"]
[SourceVersionDate "2004.11.15"]
[SourceQuality "1"]

1. d4 d5 2. c4 e6 3. Nc3 Nf6 4. Nf3 c6 5. e3 Bb4 6. Bd2 0-0 7. Bd3 dxc4 8. Bxc4 Nbd7 9. 0-0 Qe7 10. a3 Bd6 11. e4 e5 12. d5 Nb6 13. Qb3 Nxc4 14. Qxc4 cxd5 15. Nxd5 Nxd5 16. exd5 Bd7 17. Rfe1 Kh8 18. Bc3 f6 19. Nd2 Rac8 20. Qh4 g5 21. Qg3 Bf5 22. Qf3 Qd7 23. h4 g4 24. Qg3 Bb8 25. Rad1 Qxd5 26. Nf1 Qe6 27. Qe3 Kg7 28. Ng3 h6 29. Rd2 Bg6 30. Red1 Rf7 31. Rd5 Bc2 32. R1d2 Bb3 33. Rd6 Bxd6 34. Rxd6 Rxc3 35. bxc3 Qc8 36. Nh5+ Kg6 37. Qxe5 Bc2 38. Nxf6 Qf8 39. Nd7+ Qxd6 40. Qxd6+ Kh7 41. Nf6+ 1-0